| 000 | 00582nam a2200205 a 4500 | ||
|---|---|---|---|
| 005 | 20140310183501.0 | ||
| 008 | 100303s19uu xx 00 eng d | ||
| 020 | _a978-1-4160-5228-9 | ||
| 050 |
_aRT 41 _b.D517 2009 |
||
| 100 | _adeWit, Susan C. | ||
| 245 |
_aFundamental concepts and skills for nursing / _cSusan C. deWit. |
||
| 250 | _a3rd. ed. | ||
| 260 |
_aIndia : _bElsevier, _cc2009. |
||
| 300 |
_a964 p. : _bill. ; _c28 cm. |
||
| 521 | _aNUR | ||
| 650 | _aNursing skills. | ||
| 650 | _aNursing care. 3. Practical nursing. | ||
| 942 |
_cBK _2lcc _kFOR |
||
| 999 |
_c23920 _d23920 |
||